00516nam a2200181Ia 4500003000900000008004100009040001600050080001300066100002400079245007000103250001200173260004900185300001400234650002100248650001900269650002500288650002100313IN-BaIIA211028s9999 xx 000 0 eng d cIIA Library a658bBAT aBatliboi, Jamshed R 0aWorks organisations, management and cost controlcJ. R. Batliiboi a5th ed. aBombaybStandard Accounting Publishersc1971 axx, 698p. a Cost control  a Management  a Works organization aNASA Thesaurus